|
|
|
|
| LEADER |
00000cam a2200000 7i4500 |
| 001 |
0000002833 |
| 002 |
000003064 |
| 005 |
20000330.0 |
| 020 |
|
|
|a 0195803493
|
| 090 |
0 |
0 |
|a 920
|b WAN
|
| 245 |
0 |
4 |
|a The Wandering thoughts of a dying man :
|b the life and times of Haji Abdul Majid bin Zainuddin
|
| 260 |
|
|
|a Kuala Lumpur :
|b Oxford University Press ,
|c 1978
|
| 300 |
|
|
|a 169p. ;
|c 21cm.
|
| 600 |
0 |
0 |
|a Haji Abdul Majid bin Zainuddin
|x Autobiography
|
| 650 |
0 |
0 |
|a Authors
|x Autobiography
|
| 700 |
1 |
|
|a Roff, William R
|
| 999 |
|
|
|a 0001168
|b BUKU
|c MALAYSIANA
|e PERPUSTAKAAN KOMUNITI PETALING JAYA
|
| 999 |
|
|
|a 036438
|b BUKU
|c MALAYSIANA
|e PERPUSTAKAAN KOMUNITI PETALING JAYA
|